LEADER 00811nam0-22003011i-450- 001 990000582190403321 005 20051012152350.0 010 $a0444-20119-X 035 $a000058219 035 $aFED01000058219 035 $a(Aleph)000058219FED01 035 $a000058219 100 $a20020821d1971----km-y0itay50------ba 101 0 $aeng 105 $ay-------001yy 200 1 $aADVANCES IN CREEP DESIGN$fSMITH A.I. - NICOLSON A.M. 210 $aLondon$cApplied Science Publishers LTD$d1971 610 0 $aMeccanica 610 0 $aDinamica 610 0 $aVibrazioni 700 1$aSmith,$bAlastair Ian$0289083 801 0$aIT$bUNINA$gRICA$2UNIMARC 901 $aBK 912 $a990000582190403321 952 $a07 G-49$fDINSC 959 $aDINSC 996 $aADVANCES IN CREEP DESIGN$9318569 997 $aUNINA